Antecedentes empíricos de los sectores externo e industrial chilenos: 1950-1970
Պահպանված է:
| Հիմնական հեղինակ: | |
|---|---|
| Համատեղ հեղինակներ: | , |
| Այլ հեղինակներ: | |
| Ձևաչափ: | Գիրք |
| Լեզու: | իսպաներեն |
| Հրապարակվել է: |
Santiago
CIEPLAN
1978
|
| Շարք: | Apuntes CIEPLAN, 10
|
| Խորագրեր: | |
| Ցուցիչներ: |
Ավելացրեք ցուցիչ
Չկան պիտակներ, Եղեք առաջինը, ով նշում է այս գրառումը!
|
MARC
| LEADER | 00000nam a2200000 a 4500 | ||
|---|---|---|---|
| 001 | UCR8464 | ||
| 003 | CL-VaPUC | ||
| 008 | 980529e19780100CL |||||||||||||||||spa|d | ||
| 082 | 0 | 4 | |a 382.6 |b COR |2 21 |
| 100 | |a Corbo, Vittorio |e author |9 571707 | ||
| 700 | |a Meller Bock, Patricio |e autor |9 603136 | ||
| 110 | 2 | |a CIEPLAN |e author |9 410224 | |
| 710 | 2 | |a Corporación de Investigaciones Económicas para Latinoamérica |e author |9 410225 | |
| 245 | 1 | 0 | |a Antecedentes empíricos de los sectores externo e industrial chilenos: 1950-1970 |
| 300 | |a 41 h | ||
| 942 | |c BK | ||
| 945 | |d 19980529 00:00:00 |a cmena | ||
| 260 | |a Santiago |b CIEPLAN |c 1978 | ||
| 650 | 7 | |a COMERCIO INTERNACIONAL |2 CL-VaPUC |9 410226 | |
| 650 | 0 | |a Desarrollo económico |9 259599 | |
| 650 | 7 | |a EXPORTACIONES |2 CL-VaPUC |9 255382 | |
| 650 | 7 | |a IMPORTACIONES |2 CL-VaPUC |9 359079 | |
| 650 | 0 | |a Industrias |9 263688 | |
| 650 | 0 | |a Oferta y demanda |9 255571 | |
| 583 | |a last modification |c 19980529 00:00:00 |k Rodrigo Vera | ||
| 490 | 0 | |a Apuntes CIEPLAN, 10 | |
| 999 | |c 269868 |d 269866 | ||